| 000 | 00903nam a22002177a 4500 | ||
|---|---|---|---|
| 999 |
_c63978 _d63978 |
||
| 003 | Ge_BSU | ||
| 005 | 20260302155321.0 | ||
| 008 | 260302s2000 enk||||| |||| 00| 0 eng d | ||
| 020 | _a9780199240616x | ||
| 041 | _aeng | ||
| 080 | _a338 D-72 | ||
| 100 |
_aDore, Ronald _926980 |
||
| 245 |
_aStock market capitalism welfare capitalism : _bJapan a. Germany versus the Anglo-Saxons / _cRonald Dore. |
||
| 264 |
_aOxford : _bUniversity press, _c2000. |
||
| 300 |
_a264 p. ; _b22 cm. |
||
| 653 | _aკაპიტალიზმი გერმანიაში | ||
| 653 | _aკაპიტალიზმი იაპონიაში | ||
| 653 | _aკორპორაციული მმართველობა გერმანიაში | ||
| 653 | _aკორპორაციული მმართველობა იაპონიაში | ||
| 942 |
_2udc _cᲬᲘᲒᲜᲘ |
||